00913nam a2200229 i 450000100060000000300090000600500170001500700030003200800410003510000450007624500710012126000590019230000200025150500910027165000320036270000380039470000300043270000470046285200340050999900170054395201230056024619ES-MaACL20250809034604.0t|021218s1949 sp ||||1| spa d1 aAntón Oneca, José,d1897-198192195010aDerecho penal / cJosé Antón Oneca, J. A. Rodríguez Muñoz. aMadrid : b[s.n., c1949] (fGráfica Administrativa) a2 v. ; c26 cm.8 aContiene: V. II: con la colaboración de J. Taso Roldán y J. M. Rodríguez Devesa.07aDerecho penal2embne9117491 aRodríguez Muñoz, J. A.9986931 aTaso Roldán, J.91093631 aRodríguez Devesa, José María.998493 aES-MaACLjF-8479-80 bR.29315 c24619d24619 00104070aATENEOMbATENEOMcSPP2d2008-01-17eSCl0oF-8479-80p1025382r2023-02-23 00:00:00w2023-02-23yMONOGRAFIA